Welcome to CU Library Online Public Access Catalogue (OPAC)

Person-environment practice : (Record no. 9307)

MARC details
000 -LEADER
fixed length control field 01109cam a2200301 a 4500
001 - CONTROL NUMBER
control field 3069519
005 - DATE AND TIME OF LATEST TRANSACTION
control field 20260420172920.0
008 - FIXED-LENGTH DATA ELEMENTS--GENERAL INFORMATION
fixed length control field 970224s1997 nyua b 001 0 eng
020 ## - INTERNATIONAL STANDARD BOOK NUMBER
International Standard Book Number 0202361020
Qualifying information cloth : acid-free paper
020 ## - INTERNATIONAL STANDARD BOOK NUMBER
International Standard Book Number 0202361039
Qualifying information paper : acid-free paper
020 ## - INTERNATIONAL STANDARD BOOK NUMBER
International Standard Book Number 9780202361024
Qualifying information (cloth : acid-free paper)
020 ## - INTERNATIONAL STANDARD BOOK NUMBER
International Standard Book Number 9780202361031
Qualifying information (paper : acid-free paper)
050 00 - LIBRARY OF CONGRESS CALL NUMBER
Classification number HV43.5
Item number .K395 1997
082 00 - DEWEY DECIMAL CLASSIFICATION NUMBER
Classification number 361.3/2
Edition information 21
100 1# - MAIN ENTRY--PERSONAL NAME
Personal name Kemp, Susan P.,
Dates associated with a name 1953-
245 10 - TITLE STATEMENT
Title Person-environment practice :
Remainder of title the social ecology of interpersonal helping /
Statement of responsibility, etc. Susan P. Kemp, James K. Whittaker, and Elizabeth M. Tracy.
260 ## - PUBLICATION, DISTRIBUTION, ETC.
Place of publication, distribution, etc. New York :
Name of publisher, distributor, etc. Aldine de Gruyter,
Date of publication, distribution, etc. c1997.
300 ## - PHYSICAL DESCRIPTION
Extent xiv, 263 p. :
Other physical details ill. ;
Dimensions 24 cm.
440 #0 - SERIES STATEMENT/ADDED ENTRY--TITLE
Title Modern applications of social work
650 #0 - SUBJECT ADDED ENTRY--TOPICAL TERM
Topical term or geographic name entry element Person-in-environment system.
650 #0 - SUBJECT ADDED ENTRY--TOPICAL TERM
Topical term or geographic name entry element Social case work
General subdivision Evaluation.
650 #0 - SUBJECT ADDED ENTRY--TOPICAL TERM
Topical term or geographic name entry element Social service
General subdivision Research.
650 #0 - SUBJECT ADDED ENTRY--TOPICAL TERM
Topical term or geographic name entry element Needs assessment.
650 #0 - SUBJECT ADDED ENTRY--TOPICAL TERM
Topical term or geographic name entry element Evaluation research (Social action programs)
700 1# - ADDED ENTRY--PERSONAL NAME
Personal name Whittaker, James K.
700 1# - ADDED ENTRY--PERSONAL NAME
Personal name Tracy, Elizabeth M.
942 ## - ADDED ENTRY ELEMENTS (KOHA)
Source of classification or shelving scheme Library of Congress Classification
Koha item type Books
Suppress in OPAC No
999 ## -
-- 9307
-- 9307
Holdings
Withdrawn status Lost status Source of classification or shelving scheme Damaged status Not for loan Collection Home library Current library Shelving location Date acquired Total checkouts Full call number Barcode Date last seen Copy number Price effective from Koha item type
    Library of Congress Classification     Non-fiction Business Library (Miotso) Business Library (Miotso) General stacks 04/20/2026   HV43.5 .K395 1997 BSSM00003300 04/20/2026 1 04/20/2026 Books
    Library of Congress Classification     Non-fiction Business Library (Miotso) Business Library (Miotso) General stacks 04/20/2026   HV43.5 .K395 1997 BSSM00003301 04/20/2026 2 04/20/2026 Books
© 2023-2024 Copyright: Central University Libraries. All Rights Reserved | Created by: Mahone Tech Office